01362nam a2200253 4500003000400000005001700004008004100021040001400062041000900076082004700085100002000132110009300152245019700245250004200442260007700484300008000561490003100641650010300672650008700775650007900862942001200941952013800953999001701091OSt20260506103900.0260506s2000 le fre u aLB-BrCRDP aFre.1 aCRDP 373.7 Math.(anal.stat.) Guide EB12SG1 aMelhem, Victor. aRépublique Libanaise Ministère de l'Education Nationale de la jeunesse et des sports10aConstruire les Mathématiques: Analyse et Statistiques. Enseignement Secondaire Troisième Année Série Sciences Générales Guide Pédagogique bAnalyse et StatistiquescVictor Melhem a1re éd.2000. 3é Impression 2008.  aBeyrouthbCentre de Recherche et de Développement Pédagogiquesc2000 a165 p.bcouv. coul., ill. coul. Dessins géométriques. Graphesc19*27cm.0 aLe Livre Scolaire National aLivres d'enseignement -- Mathématiques -- Guide -- Troisième Année -- Sciences Générales aMathématiques -- Etude et enseignement (Secondaire EB12) -- Guide Pédagogique  aMathématiques -- Guide -- Troisième Année -- Analyse et Statistiques cBK2ddc 00102ddc4070aCRFbCRFd2026-05-06l0oCRDP 373.7 Math.(anal.stat.) Guide EB12SGpCRDP020877r2026-05-06 10:39:13w2026-05-06yBK c24534d24534